Skladanie proporcionálnych zaisťovacích ochrán pomocou aplikácie vytvorenej v prostredí MS Excel

Salvato in:
Dettagli Bibliografici
Autore principale: Slaninka, František, 1973-
Altri autori: Simonka, Zsolt, 1974-
Natura: Capitolo di libro
Lingua:slovacco
Soggetti:
Tags: Aggiungi Tag
Nessun Tag, puoi essere il primo ad aggiungerne!!

MARC

LEADER 00000nla$a2200000$$$4500
001 0134988
005 20240502072521.6
041 0 |a slo 
044 |a SK 
245 1 0 |a Skladanie proporcionálnych zaisťovacích ochrán pomocou aplikácie vytvorenej v prostredí MS Excel  |c František Slaninka, Zsolt Simonka 
500 |a Abstrakt 
610 2 0 |a poisťovne 
610 2 0 |a poisťovníctvo 
610 2 0 |a zmluvy poistné 
610 2 0 |a udalosti poistné 
610 2 0 |a riziko poistné 
610 2 0 |a zaisťovatelia 
610 2 0 |a zaisťovne 
610 2 0 |a zaistenie 
610 2 0 |a zmluvy zaistné 
610 2 0 |a matematika poistná 
100 1 |a Slaninka, František, 1973- 
700 1 |a Simonka, Zsolt, 1974-